000
00239nam a22001097a 4500
041
_a
ENG
245
_a
Sustainable Land Use Systems Research
260
_a
New Delhi
_b
AVI
_c
1990
300
_a
226
650
_a
SWCE (06)
856
_u
SWCE (06)
999
_c
2903
_d
2903